| 000 | 00396cam a2200169ua 4500 | ||
|---|---|---|---|
| 020 | _a9788131788172 | ||
| 082 |
_a631.4 _bBRA/NA |
||
| 100 | _aBrady, Nylec . | ||
| 245 | _aNature and properties of soils / | ||
| 250 | _a12 / 14 | ||
| 260 |
_aNew Delhi : _bPrentice Hall Inc , _c1996. |
||
| 260 | _bPearson | ||
| 300 | _a883 ; . | ||
| 300 | _a975p | ||
| 700 | 1 | _aWell, Ray R . | |
| 942 | _cBK | ||
| 999 |
_c1722 _d1722 |
||